Places To Study

There are group study rooms, individual study carrels, computer labs, and other spaces to study in the Libraries.

Reserve A Group Room

Online Resources

Access thousands of eBooks, audiobooks, and online journals from the comfort of your home.

Explore Resources

Events and Workshops

Join our upcoming events and workshops to enhance your skills and knowledge.

View Events

သုတ္တနိပါတ ပါဠိတော်နိဿယသစ် / (Record no. 2689)

MARC details
000 -LEADER
fixed length control field 01009nam a22001817a 4500
003 - CONTROL NUMBER IDENTIFIER
control field OSt
005 - DATE AND TIME OF LATEST TRANSACTION
control field 20251211162722.0
008 - FIXED-LENGTH DATA ELEMENTS--GENERAL INFORMATION
fixed length control field 251211b |||||||| |||| 00| 0 eng d
040 ## - CATALOGING SOURCE
Transcribing agency DCL
082 ## - DEWEY DECIMAL CLASSIFICATION NUMBER
Classification number ၂၉၄.၃၈၂၃
100 0# - MAIN ENTRY--PERSONAL NAME
Personal name သဇ္ဇနာဘိဝံသ၊
Titles and words associated with a name ဘဒ္ဒန္တ-
130 ## - MAIN ENTRY--UNIFORM TITLE
Uniform title တိပိဋက။
Name of part/section of a work သုတ္တန္တပိဋက။
-- ခုဒ္ဒကနိကာယ။
Title of a work ဥဒါန၊
Language of a work ပါဠိတော်၊
Version နိဿယ။
245 ## - TITLE STATEMENT
Title သုတ္တနိပါတ ပါဠိတော်နိဿယသစ် /
Statement of responsibility, etc. ဘဒန္တသဇ္ဇနာဘိဝံသ။
264 ## - PRODUCTION, PUBLICATION, DISTRIBUTION, MANUFACTURE, AND COPYRIGHT NOTICE
Place of production, publication, distribution, manufacture ရန်ကုန် ၊
Name of producer, publisher, distributor, manufacturer သီတဂူကမ္ဘာ့ဗုဒ္ဒတက္ကသိုလ်၊
Date of production, publication, distribution, manufacture, or copyright notice ၂၀၀၇။
300 ## - PHYSICAL DESCRIPTION
Extent န၊ ၈၇၈ စာမျက်နှာ ၊
Dimensions ၂၄ စင်တီ။
650 ## - SUBJECT ADDED ENTRY--TOPICAL TERM
Topical term or geographic name entry element သုတ္တနိပါတ
Form subdivision ပါဠိတော် နိဿယသစ်။
942 ## - ADDED ENTRY ELEMENTS (KOHA)
Source of classification or shelving scheme Dewey Decimal Classification
Koha item type Short Term
Suppress in OPAC No
Holdings
Withdrawn status Lost status Source of classification or shelving scheme Damaged status Not for loan Collection Accession No. Home library Current library Shelving location Date acquired Total checkouts Full call number Barcode Date last seen Price effective from Koha item type
    Dewey Decimal Classification     Myanmar Collection ၅၇၀၆ Dhammadhara Dhammadhara Myanmar Shelves 12/12/2025   ၂၉၄.၃၈၂၃ သဇ် ၅၇၀၆ MB00005706 12/12/2025 12/12/2025 Short Term